00887nam a22001697a 4500003000900000005001700009008004100026040001300067110002900080245018400109260004400293300004000337500011100377650005000488651005000538856012900588BR-ViAPE20260417122824.0260417s1928 por gs||||s000 0 por d cBR-ViAPE aEspírito SantobEstado aRelatório do Secretario da Agricultura, Terras e Obras apresentado ao Exmo. Snr. Dr. Florentino Avidos D. D. Presidente do Estado do Espírito Santo por Bemvindo Novaes em 1927 aVitóriabTyp. da Vida Capichabac1928 a62 p.bDocumento digitalizado (PDF) aDocumento digitalizado do acervo institucional do Arquivo Público do Estado do Espírito Santo - APEES. xAdministração públicazEspírito Santo aEspírito SantoxRelatórios governamentais uhttps://ape.es.gov.br/Media/ape/PDF/Relatorios/1919/relatorio%208%20-%20ano%201928.pdfyCLIQUE AQUI PARA ACESSAR O DOCUMENTO